Statistics for Aston Villa's Top Premier League Goalscorer Per Season

Click here to take the quiz!

General Stats

  • This quiz has been taken 58 times
  • The average score is 21 of 33

Answer Stats

YearPlayerNationalityGoals% Correct
2011/12Darren BentEnglish9
93%
2010/11Darren BentEnglish9
93%
2013/14Christian BentekeBelgian10
89%
2014/15Christian BentekeBelgian13
89%
2012/13Christian BentekeBelgian19
89%
1995/96Dwight YorkeTrinidadian17
89%
1996/97Dwight YorkeTrinidadian17
89%
1997/98Dwight YorkeTrinidadian12
89%
2021/22Ollie WatkinsEnglish11
89%
2020/21Ollie WatkinsEnglish14
89%
2019/20Jack GrealishEnglish8
84%
2008/09Gabriel AgbonlahorEnglish11
69%
2009/10Gabriel AgbonlahorEnglish15
69%
2006/07Gabriel AgbonlahorEnglish9
69%
2001/02Juan Pablo ÁngelColombian12
62%
2003/04Juan Pablo ÁngelColombian16
62%
2004/05Nolberto SolanoPeruvian8
62%
2007/08John CarewNorwegian13
58%
2008/09John CarewNorwegian11
58%
2015/16Jordan AyewGhanaian7
56%
2002/03Dion DublinEnglish9
51%
2000/01Dion DublinEnglish8
51%
1999/00Dion DublinEnglish12
51%
2018/19Tammy AbrahamEnglish25
49%
1992/93Dean SaundersWelsh13
47%
1993/94Dean SaundersWelsh10
47%
1994/95Dean SaundersWelsh15
47%
2005/06Milan BarošCzech8
47%
2016/17Jonathan KodjiaIvorian19
40%
2001/02Darius VassellEnglish12
36%
2017/18Albert AdomahGhanaian14
33%
1998/99Julian JoachimEnglish14
29%
2005/06Luke MooreEnglish8
22%

Score Distribution

Percentile by Number Answered

Percent of People with Each Score

Your Score History

You have not taken this quiz